Les traitres du football - Statistiques

Statistiques générales
  • Ce quiz a été pris 169 fois
  • Le résultat moyen est 6 sur 15
Statistiques - réponses
Poste Saisons Club Saisons Club Saisons Club Joueur/Entraineur % Correct
Att 1995 - 2000 Barcelone 2000 - 2005 Real Madrid Figo
87%
Att 1996 - 1997 Barcelone 2002 - 2007 Real Madrid Ronaldo
73%
G 2004 - 2015 Chelsea 2015 - 2019 Arsenal Cech
71%
Att 2004 - 2006 Juventus 2006-2009 Inter Milan (2010 - 2011) (2020 - 2023) AC Milan Ibrahimovic
71%
Mil 1998 - 2001 Inter Milan 2001 - 2011 AC Milan 2011 - 2015 Juventus Pirlo
67%
Mil 2006 - 2014 OM 2015 - 2017 OL Valbuena
63%
Att 2013 - 2016 Naples 2016 - 2018 Juventus Higuain
61%
Att 2007 - 2009 Manchester united 2009 - 2013 Manchester City Tevez
55%
Def 1992 - 2001 Tottenham 2001 - 2006 Arsenal Campbell
33%
Def 2006 - 2010 Chelsea 2010 - 2013 Arsenal 2013 -2013 Tottenham Gallas
23%
Def 1983 - 1986 Ajax 1986 - 1989 PSV 1995 - 1997 Feyernoord Koeman
9%
Mil 2006 - 2011 Standard de Liège 2016 - 2019 Anderlecht Defour
7%
G 1988 - 1998 Shalke 04 1999 - 2003 Dortmund Lehmann
4%
Mil 2014 - 2017 Standard de Liège 2017 - 2022 Anderlecht 2023 - ... Charleroi Trebel
4%
Mil 1980 - 1988 Barcelone 1988 - 1990 Real Madrid 1990 - 1993 Atletico Madrid Schuster
3%
Aucun quiz correspondant
Distribution des résultats
% des personnes avec chaque résultat
Percentile par nombre de réponses
Votre historique - résultats
Vous n’avez pas pris ce quiz